| 000 | 00000nam 2200000zi 4500 |
| 001 | 9.914257 |
| 003 | CaOODSP |
| 005 | 20230719095051 |
| 006 | m o d f |
| 007 | cr |n||||||||| |
| 008 | 220809t20222022onc os f000 0 eng d |
| 020 | |a9780660449494 |
| 040 | |aCaOODSP|beng|erda|cCaOODSP |
| 043 | |an-cn--- |
| 086 | 1 |aCi4-183/1-2022E-PDF |
| 245 | 00|a2021-22 annual tracking study : |bfinal report / |cprepared for Immigration, Refugees and Citizenship Canada. |
| 264 | 1|a[Ottawa] : |bImmigration, Refugees and Citizenship Canada = Immigration, Réfugiés et Citoyenneté Canada, |c2022. |
| 264 | 4|c©2022 |
| 300 | |a1 online resource (22 pages) + |eexecutive summary (5 pages) + appendix (54 pages) |
| 336 | |atext|btxt|2rdacontent |
| 337 | |acomputer|bc|2rdamedia |
| 338 | |aonline resource|bcr|2rdacarrier |
| 500 | |aIssued also in French under title: Étude de suivi annuelle de 2021-22 : rapport définitif. |
| 500 | |a"Supplier name: Ipsos." |
| 500 | |a"Contract Number: B8815-220310/001/CY." |
| 500 | |a"Registration Number: POR 072-21." |
| 650 | 0|aImmigrants|xServices for|zCanada|xPublic opinion|vStatistics. |
| 650 | 0|aCitizenship|zCanada|xPublic opinion|vStatistics. |
| 650 | 0|aPublic opinion|zCanada. |
| 710 | 1 |aCanada. |bImmigration, Refugees and Citizenship Canada, |eissuing body. |
| 710 | 2 |aIpsos (Firm), |eissuing body. |
| 775 | 08|tÉtude de suivi annuelle de 2021-22 : |w(CaOODSP)9.914258 |
| 794 | |t2022-23 IRCC annual tracking survey : |w(CaOODSP)9.925180 |
| 795 | |t2019-20 annual tracking study : |w(CaOODSP)9.889225 |
| 856 | 40|qPDF|s1.11 MB|uhttps://publications.gc.ca/collections/collection_2022/ircc/Ci4-183-1-2022-eng.pdf|z(Final report) |
| 856 | 40|qPDF|s589 KB|uhttps://publications.gc.ca/collections/collection_2022/ircc/Ci4-183-1-2022-1-eng.pdf|z(Executive summary) |
| 856 | 40|qPDF|s1.05 MB|uhttps://publications.gc.ca/collections/collection_2022/ircc/Ci4-183-1-2022-2.pdf|z(Appendix 2) |